Vplyv certifikátu ECDL na zvyšovanie konkurencieschopnosti pracovnej sily v EÚ
Certifikát ECDL - jeden z najrozšírenejších certifikátov z oblasti informatiky a počítačovej gramotnosti v Euróspkej únii ako aj na celom svete. Základné charakteristiky certifikátu ECDL. ECDL na Slovensku a v Európe.
Gespeichert in:
| 1. Verfasser: | |
|---|---|
| Format: | Buchkapitel |
| Sprache: | Slowakisch |
| Schlagworte: | |
| Tags: |
Keine Tags, Fügen Sie das erste Tag hinzu!
|
MARC
| LEADER | 00000nla$a2200000$$$4500 | ||
|---|---|---|---|
| 001 | 0106956 | ||
| 005 | 20240502072200.8 | ||
| 041 | 0 | |a slo | |
| 044 | |a SK | ||
| 245 | 1 | 0 | |a Vplyv certifikátu ECDL na zvyšovanie konkurencieschopnosti pracovnej sily v EÚ |c Attila Pólya |
| 520 | |a Certifikát ECDL - jeden z najrozšírenejších certifikátov z oblasti informatiky a počítačovej gramotnosti v Euróspkej únii ako aj na celom svete. Základné charakteristiky certifikátu ECDL. ECDL na Slovensku a v Európe. | ||
| 610 | 2 | 0 | |a informatika |
| 610 | 2 | 0 | |a počítače |
| 610 | 2 | 0 | |a gramotnosť |
| 610 | 2 | 0 | |a certifikáty |
| 610 | 2 | 0 | |a konkurencieschopnosť |
| 610 | 2 | 0 | |a trh práce |
| 610 | 2 | 0 | |a Slovensko |
| 610 | 2 | 0 | |a Európa |
| 100 | 1 | |a Pólya, Attila | |